|
|
|
|
| LEADER |
00000nam0a2200000 4500 |
| 001 |
254435 |
| 005 |
20231101232933.0 |
| 035 |
|
|
|a (RuTPU)RU\TPU\book\276893
|
| 035 |
|
|
|a RU\TPU\book\276890
|
| 090 |
|
|
|a 254435
|
| 100 |
|
|
|a 20140320d1957 m y0rusy50 ca
|
| 101 |
0 |
|
|a rus
|
| 102 |
|
|
|a RU
|
| 105 |
|
|
|a a j 000zy
|
| 200 |
1 |
|
|a Аналитическая геометрия
|e учебник для втузов
|f И. И. Привалов
|
| 205 |
|
|
|a 22-е изд., стер.
|
| 210 |
|
|
|a Москва
|c Гостехиздат
|d 1957
|
| 215 |
|
|
|a 299 с.
|c черт.
|
| 451 |
|
1 |
|0 (RuTPU)RU\TPU\book\70636
|t Аналитическая геометрия
|o учебник для втузов
|f И. И. Привалов
|e 26-е изд., стер.
|c М.
|n Физматгиз
|d 1961
|p 299 с.
|a Привалов, Иван Иванович
|
| 606 |
1 |
|
|a Аналитическая геометрия
|2 stltpush
|3 (RuTPU)RU\TPU\subj\28991
|9 52410
|
| 610 |
1 |
|
|a плоскость
|
| 610 |
1 |
|
|a уравнения
|
| 610 |
1 |
|
|a конические сечения
|
| 610 |
1 |
|
|a линии
|
| 610 |
1 |
|
|a классификация
|
| 610 |
1 |
|
|a пространство
|
| 610 |
1 |
|
|a векторная алгебра
|
| 610 |
1 |
|
|a плоскость
|
| 610 |
1 |
|
|a поверхности
|
| 610 |
1 |
|
|a учебники
|
| 675 |
|
|
|a 514.12(075.8)
|v 3
|
| 700 |
|
1 |
|a Привалов
|b И. И.
|g Иван Иванович
|
| 801 |
|
1 |
|a RU
|b 63413507
|c 20030604
|g PSBO
|
| 801 |
|
2 |
|a RU
|b 63413507
|c 20140326
|g PSBO
|
| 942 |
|
|
|c BK
|